La nostalgie : cette petite musique de nulle part ailleurs (notice n° 1605098)

détails MARC
000 -LEADER
fixed length control field 02412cam a2200181 4500500
005 - DATE AND TIME OF LATEST TRANSACTION
control field 20251228094928.0
041 ## - LANGUAGE CODE
Language code of text/sound track or separate title fre
042 ## - AUTHENTICATION CODE
Authentication code dc
100 10 - MAIN ENTRY--PERSONAL NAME
Personal name Samama, Guy
Relator term author
245 00 - TITLE STATEMENT
Title La nostalgie : cette petite musique de nulle part ailleurs
260 ## - PUBLICATION, DISTRIBUTION, ETC.
Date of publication, distribution, etc. 2011.<br/>
500 ## - GENERAL NOTE
General note 63
520 ## - SUMMARY, ETC.
Summary, etc. À rebours d’une représentation traditionnelle, l’auteur a voulu montrer que la nostalgie n’est un sentiment ni négatif ni seulement rétrospectif. Pour le comprendre, il faut commencer par le défaire de son lien prétendument nécessaire au temps comme au lieu. La nostalgie libère l’homme des contingences de la vie. De sorte que celle-ci devient un spectacle, un peu flou. Le nostalgique est constamment détaché et décalé, nourrissant un sentiment sublimé de l’existence. Finitude et imagination se mêlent en lui pour en faire un être des lointains : c’est le propre de la condition humaine.
520 ## - SUMMARY, ETC.
Summary, etc. Going against traditional representations of nostalgia, the author of this article wishes to show that it is not a negative feeling, nor does it simply look back towards the past. If nostalgia is to be understood, it first needs to be considered independently from time and space, to which it is said to be irresistibly tied. Nostalgia frees human beings from the chance happenings of life, turning life into a slightly blurry show watched by nostalgic spectators who are constantly detached and disconnected, harboring a sublimated feeling of existence. Finiteness and fancy mingle in nostalgic people’s minds and contribute to making them yearn for remote words, as is the common human lot.
520 ## - SUMMARY, ETC.
Summary, etc. Ao invés de uma representação tradicional da nostalgia, o autor quis mostrar que esta não traduz apenas um sentimento negativo ou retrospectivo. Para a compreender mos, é necessário romper com a sua pretensa ligação ao tempo e ao espaço. A nostalgia liberta o homem das contingências da vida, tornando-se espectáculo de contornos fluidos. Constantemente desprendida e desfasada, a nostalgia alimenta um sentimento sublimado da existência no qual se entrelaçam a finitude e a imaginação que transformam esse sentimento, próprio da condição humana, numa ontologia do longínquo.
786 0# - DATA SOURCE ENTRY
Note Sigila | 27 | 1 | 2011-03-01 | p. 143-156 | 1286-1715
856 41 - ELECTRONIC LOCATION AND ACCESS
Uniform Resource Identifier <a href="https://shs.cairn.info/revue-sigila-2011-1-page-143?lang=fr&redirect-ssocas=7080">https://shs.cairn.info/revue-sigila-2011-1-page-143?lang=fr&redirect-ssocas=7080</a>

Pas d'exemplaire disponible.

PLUDOC

PLUDOC est la plateforme unique et centralisée de gestion des bibliothèques physiques et numériques de Guinée administré par le CEDUST. Elle est la plus grande base de données de ressources documentaires pour les Étudiants, Enseignants chercheurs et Chercheurs de Guinée.

Adresse

627 919 101/664 919 101

25 boulevard du commerce
Kaloum, Conakry, Guinée

Réseaux sociaux

Powered by Netsen Group @ 2025